00781nam a22002297a 4500003000400000005001700004008004100021040000800062041001200070082001200082100001900094245003900113260006000152300002400212504002900236651003700265651004600302651003100348942002300379952013400402999001500536OSt20251223141829.0251223b |||||||| |||| 00| 0 eng d cDCL aEnglish a959.1260 aTha Hla, Maung12aThe Rakhaing / cby Maung Tha Hla. a N.Y., bBuddhist Rakhaing Cultural Association,c2004. a268 pages :c21 cm. aBibliography: p. 251-267 aRakhine State (Burma) vHistory  aRakhine State (Burma) vKings and rulers. aMyanmarvHistoryyTo 1824. 2ddccSHORT TERMn0 00102ddc40708EaDHAMbDHAMcENBSd2025-12-23l0o959.126 Th 670pEB00000670r2025-12-23 14:18:57w2025-12-23ySHORT TERMA670 c2794d2794